[Event "Landesliga U20 Nord 1415"]
[Site "Bayern"]
[Date "2015.03.21"]
[Round "6.2"]
[White "Albert, Samuel"]
[Black "Rupprecht, Lukas"]
[Result "0-1"]
[WhiteElo "1516"]
[BlackElo "1555"]
[PlyCount "57"]
[EventDate "2014.11.15"]
[EventType "team-tourn"]
[EventRounds "7"]
[EventCountry "GER"]
[SourceTitle "EXT 2022"]
[Source "ChessBase"]
[SourceDate "2021.10.06"]
[SourceVersion "1"]
[SourceVersionDate "2021.10.06"]
[SourceQuality "1"]
[WhiteTeam "Wuerzburg U20"]
[BlackTeam "Heideck/Hilpoltstein U20"]
[WhiteTeamCountry "GER"]
[BlackTeamCountry "GER"]

1. d4 Nf6 2. c4 e6 3. Nf3 b6 4. g3 Bb7 5. Bg2 d5 6. Bg5 h6 7. Bxf6 Qxf6 8. Nc3 Bb4 9. 0-0 Bxc3 10. bxc3 Nd7 11. Qa4 c6 12. cxd5 exd5 13. c4 dxc4 14. Qxc4 0-0 15. e4 c5 16. d5 Ne5 17. Nxe5 Qxe5 18. Rad1 Rad8 19. f4 Qc7 20. e5 Rfe8 21. Rfe1 a6 22. a4 h5 23. Bh3 Bc8 24. d6 Qc6 25. e6 fxe6 26. Bxe6+ Bxe6 27. Rxe6 Rxe6 28. Qxe6+ Kh7 29. d7 0-1

[Event "Landesliga U20 Nord 1415"]
[Site "Bayern"]
[Date "2015.03.21"]
[Round "7.2"]
[White "Schilay, Lorenz"]
[Black "Albert, Samuel"]
[Result "1-0"]
[WhiteElo "1806"]
[BlackElo "1516"]
[PlyCount "43"]
[EventDate "2014.11.15"]
[EventType "team-tourn"]
[EventRounds "7"]
[EventCountry "GER"]
[SourceTitle "EXT 2022"]
[Source "ChessBase"]
[SourceDate "2021.10.06"]
[SourceVersion "1"]
[SourceVersionDate "2021.10.06"]
[SourceQuality "1"]
[WhiteTeam "Neumarkt U20"]
[BlackTeam "Wuerzburg U20"]
[WhiteTeamCountry "GER"]
[BlackTeamCountry "GER"]

1. e4 e6 2. Nc3 d5 3. Nf3 Nf6 4. e5 Nfd7 5. d4 c5 6. dxc5 Bxc5 7. Bd3 0-0 8. Bxh7+ Kh8 9. Bd3 Be7 10. h4 Kg8 11. Ng5 g6 12. Bf4 Nc6 13. Qe2 a6 14. 0-0-0 Nb4 15. Kb1 Nc5 16. Qg4 d4 17. Nce4 Nbxd3 18. cxd3 Na4 19. h5 Qb6 20. Rd2 Ba3 21. hxg6 Bxb2 22. Rh8+ 1-0

[Event "Landesliga U20 Nord 1415"]
[Site "Bayern"]
[Date "2014.12.13"]
[Round "3.2"]
[White "Obermeier, Johannes"]
[Black "Albert, Samuel"]
[Result "0-1"]
[WhiteElo "1611"]
[BlackElo "1516"]
[PlyCount "60"]
[EventDate "2014.11.15"]
[EventType "team-tourn"]
[EventRounds "7"]
[EventCountry "GER"]
[SourceTitle "EXT 2022"]
[Source "ChessBase"]
[SourceDate "2021.10.06"]
[SourceVersion "1"]
[SourceVersionDate "2021.10.06"]
[SourceQuality "1"]
[WhiteTeam "Kelheim SK U20"]
[BlackTeam "Wuerzburg U20"]
[WhiteTeamCountry "GE2"]
[BlackTeamCountry "GER"]

1. e4 e6 2. d4 d5 3. exd5 exd5 4. Bd3 Nf6 5. Nf3 Bg4 6. 0-0 Nc6 7. c3 Be7 8. Bf4 Qd7 9. Nbd2 0-0-0 10. Qc2 h6 11. h3 Be6 12. b4 g5 13. Bh2 g4 14. hxg4 Nxg4 15. b5 Nxh2 16. Kxh2 Bd6+ 17. Kh1 Ne7 18. c4 Bh3 19. Rg1 Rdg8 20. g3 h5 21. Nh4 dxc4 22. Nxc4 Be6 23. Nxd6+ Qxd6 24. Qc5 Bd5+ 25. Kh2 Qf6 26. Raf1 Rg4 27. Kh3 Rxh4+ 28. gxh4 Be6+ 29. Rg4 hxg4+ 30. Kg3 Qf3+ 0-1

[Event "Landesliga U20 Nord 1415"]
[Site "Bayern"]
[Date "2014.11.15"]
[Round "1.2"]
[White "Albert, Samuel"]
[Black "Moenius, Alexander"]
[Result "0-1"]
[WhiteElo "1516"]
[BlackElo "1850"]
[PlyCount "80"]
[EventDate "2014.11.15"]
[EventType "team-tourn"]
[EventRounds "7"]
[EventCountry "GER"]
[SourceTitle "EXT 2022"]
[Source "ChessBase"]
[SourceDate "2021.10.06"]
[SourceVersion "1"]
[SourceVersionDate "2021.10.06"]
[SourceQuality "1"]
[WhiteTeam "Wuerzburg U20"]
[BlackTeam "Hoechstadt SC U20"]
[WhiteTeamCountry "GER"]
[BlackTeamCountry "GER"]

1. d4 c5 2. d5 e5 3. e4 d6 4. Bb5+ Nd7 5. c4 a6 6. Ba4 Ngf6 7. Nc3 Be7 8. Nge2 0-0 9. Bxd7 Nxd7 10. 0-0 Nb6 11. b3 f5 12. f4 Bf6 13. Rb1 Qe7 14. Qd3 g6 15. Bd2 exf4 16. Bxf4 Be5 17. Bxe5 Qxe5 18. Ng3 f4 19. Nge2 Bg4 20. Rf2 g5 21. h3 Bh5 22. g4 Bg6 23. Re1 Rae8 24. Nc1 Nd7 25. Qf3 Nf6 26. Rfe2 Rf7 27. Kg2 h5 28. a3 hxg4 29. hxg4 Rh7 30. Rh1 Rxh1 31. Kxh1 Nxe4 32. Nd1 Ng3+ 33. Qxg3 Qxe2 34. Nxe2 fxg3 35. Ndc3 Re3 36. Kg1 Bc2 37. b4 cxb4 38. axb4 Bb3 39. c5 dxc5 40. bxc5 Bxd5 0-1

[Event "Schweinfurt op 23rd"]
[Site "Schweinfurt"]
[Date "2013.06.02"]
[Round "7"]
[White "Albert, Samuel"]
[Black "Raab, Franziska"]
[Result "0-1"]
[WhiteElo "1272"]
[BlackElo "813"]
[PlyCount "120"]
[EventDate "2013.05.30"]
[EventType "swiss"]
[EventRounds "7"]
[EventCountry "GER"]
[SourceTitle "CBM 154 Extra"]
[Source "ChessBase"]
[SourceDate "2013.06.25"]
[SourceVersion "2"]
[SourceVersionDate "2013.06.25"]
[SourceQuality "1"]

1. d4 d5 2. c4 dxc4 3. e3 Be6 4. Nf3 Nf6 5. Qc2 Nc6 6. Bxc4 Bxc4 7. Qxc4 Qd5 8. Qc2 e6 9. Nc3 Nb4 10. Qa4+ Qc6 11. Qxc6+ bxc6 12. 0-0 Nd3 13. Rd1 Nb4 14. a3 Nbd5 15. Re1 Nxc3 16. bxc3 Ne4 17. Bd2 Bd6 18. c4 c5 19. dxc5 Bxc5 20. Bb4 Bxb4 21. axb4 0-0 22. Red1 Nd6 23. c5 Nb5 24. Ra5 Rfb8 25. Ne5 Nc3 26. Rd7 Rxb4 27. h3 Kf8 28. Rxf7+ Kg8 29. Rxc7 Rb1+ 30. Kh2 h6 31. Raxa7 Rxa7 32. Rxa7 Rc1 33. c6 Nb5 34. Rb7 Nd6 35. Rd7 Nb5 36. Re7 Rc2 37. Kg3 g6 38. Rxe6 Kf8 39. f4 Rc3 40. Kf3 Nd4+ 41. Ke4 Nxe6 42. Nxg6+ Kf7 43. Ne5+ Ke7 44. g4 Kd6 45. Nf7+ Kxc6 46. Nxh6 Rc5 47. h4 Ng7 48. f5 Kd6 49. Kf4 Ke7 50. e4 Rc4 51. Kg5 Rxe4 52. f6+ Kf8 53. fxg7+ Kxg7 54. Nf5+ Kh7 55. h5 Re8 56. Kf4 Re1 57. g5 Rf1+ 58. Kg4 Kg8 59. h6 Kh7 60. Kh5 Rxf5 0-1

[Event "Schweinfurt op 23rd"]
[Site "Schweinfurt"]
[Date "2013.05.30"]
[Round "2"]
[White "Bebersdorf, Claus"]
[Black "Albert, Samuel"]
[Result "1-0"]
[WhiteElo "1991"]
[BlackElo "1272"]
[PlyCount "85"]
[EventDate "2013.05.30"]
[EventType "swiss"]
[EventRounds "7"]
[EventCountry "GER"]
[SourceTitle "CBM 154 Extra"]
[Source "ChessBase"]
[SourceDate "2013.06.25"]
[SourceVersion "2"]
[SourceVersionDate "2013.06.25"]
[SourceQuality "1"]

1. e4 e6 2. d4 d5 3. exd5 exd5 4. Bd3 c5 5. Qe2+ Be6 6. dxc5 Bxc5 7. Bf5 Qe7 8. Bxe6 Qxe6 9. Qxe6+ fxe6 10. Nf3 Nc6 11. 0-0 Nf6 12. Re1 Ne4 13. Be3 Bxe3 14. Rxe3 0-0 15. Nbd2 Nxd2 16. Nxd2 Nd4 17. Rc1 Rfe8 18. c3 Nc6 19. Nf3 e5 20. Rce1 e4 21. Nd2 Rad8 22. f3 d4 23. cxd4 Nb4 24. Rxe4 Rxe4 25. Rxe4 Nxa2 26. Nb3 Nb4 27. Re7 Rb8 28. Nc5 b6 29. Ne6 a5 30. Rxg7+ Kh8 31. Rd7 Re8 32. d5 Nxd5 33. Rxd5 Rxe6 34. Rb5 Kg7 35. Kf2 Kg6 36. g4 Kf6 37. f4 Rc6 38. Kg3 h6 39. h4 Rd6 40. g5+ Kg6 41. Kg4 h5+ 42. Kf3 Re6 43. f5+ 1-0